European Female Singers By Initials - Statistics

General Stats
  • This quiz has been taken 30 times
  • The average score is 5 of 17
Answer Stats
Hint Answer % Correct
A (UK) Adele
89%
ONJ (UK) Olivia Newton John
67%
VP (France) Vanessa Paradis
44%
AL (UK) Annie Lennox
39%
KB (UK) Kate Bush
39%
NM (Greece) Nana Mouskouri
39%
W (Denmark) Whigfield
33%
CB (UK) Cilla Black
28%
HS (UK) Helen Shapiro
28%
PC (UK) Petula Clark
28%
DL (UK) Dua Lipa
22%
KW (UK) Kim Wilde
22%
AM (UK) Alison Moyet
17%
BD (UK) Barbara Dickson
11%
KD (UK) Kiki Dee
11%
NC (Sweden) Neneh Cherry
6%
RC (Italy) Raffaella Carra
6%
No matching quizzes found
Score Distribution
Percent of People with Each Score
Percentile by Number Answered
Your Score History
You have not taken this quiz